000 00274nam a22001337a 4500
008 180316b xxu||||| |||| 00| 0 eng d
020 _a01555057375
041 _aeng
080 _a510
100 _a36
101 _aMAT
245 _aCalculus
_cEllis, R
942 _2udc
_cBK
999 _c45243
_d45243